| 000 | 01631cad a22002415a 4500 | ||
|---|---|---|---|
| 001 | L149448 | ||
| 008 | 100308s2010 xxk 000 0 eng u | ||
| 035 | _a(Sirsi) u149448 | ||
| 041 | 0 | _aeng | |
| 050 | _a306.1094 $2 18 | ||
| 100 | 1 | _aBall, Michael | |
| 245 | 0 | 0 |
_aRICS European housing review 2010 _h[electronic resource] |
| 260 |
_aLondon _bRICS _c2010 |
||
| 490 | 0 |
_aRICS European Housing Review _v2010 |
|
| 520 | _aLooks at the performance of European housing markets in 2009, analysing trends across the continent in areas such as inflation, building activity, mortgage markets and turnover. A significant number of European residential markets showed signs of revival from Spring/Summer 2009 and further revival is expected in 2010. House prices rose by 12% in Norway, by 8% in Finland and by 7% in Sweden and by 1% overall in the UK. Germany, Italy, Netherlands and France show moderate falls of between -4% to -6% whilst Ireland, Spain Greece and other central and eastern European countries were the worst performers. Low interest rates and central bank support for mortgage markets have played key roles in bringing about recovery in the European housing market. See L149451 for Executive summary. | ||
| 590 | _aKA NTK | ||
| 650 | 2 | 4 | _aRICS EUROPEAN HOUSING REVIEW |
| 651 | 4 | _aEurope | |
| 690 | _aPROPERTY-RESIDENTIAL PROPERTY-RESIDENTIAL PROPERTY MARKET | ||
| 710 | 2 |
_aRoyal Institution of Chartered Surveyors _bPublic Affairs _94679 |
|
| 856 | 4 | 0 |
_uhttps://www.rics.org/Global/Downloads/2010_European_Housing_Review_-_full_report.pdf _zView the report free of charge on the www.rics.org website. |
| 942 | _n0 | ||
| 999 |
_c110502 _d110502 |
||